[Event "Ljubljana op 13th"]
[Site "Ljubljana"]
[Date "2002.06.25"]
[Round "4"]
[White "Podkriznik, Gregor"]
[Black "Osolin, Bojan"]
[Result "1-0"]
[WhiteElo "2299"]
[BlackElo "2166"]
[PlyCount "79"]
[EventDate "2002.06.22"]
[Source "ChessBase"]
[SourceDate "2002.07.08"]

1. d4 d5 2. c4 e6 3. Nf3 Nf6 4. Nc3 Be7 5. Bg5 Nbd7 6. e3 O-O 7. Rc1 c6 8. Qc2 Re8 9. a3 Nh5 10. Bxe7 Qxe7 11. Bd3 Nhf6 12. O-O dxc4 13. Bxc4 e5 14. Ng5 Rf8 15. Ba2 h6 16. Nf3 Re8 17. Rfe1 Kf8 18. h3 e4 19. Nd2 Nb6 20. Bb1 Bf5 21. f3 Nbd5 22. Ncxe4 Nxe4 23. fxe4 Bg6 24. Qb3 Nb6 25. Rf1 Kg8 26. Rf4 Qe6 27. Qxe6 Rxe6 28. Nf3 Nd7 29. Nh4 Bh7 30. Nf5 Nf6 31. e5 Nd5 32. Rf3 Rf8 33. Rcf1 Bxf5 34. Bxf5 Re7 35. Bc2 g6 36. Bb3 Kg7 37. g4 Nc7 38. Rf6 Rd7 39. e6 Nd5 40. Bxd5 1-0

[Event "DEN-chJ"]
[Site "Aarhus DEN"]
[Date "1993.??.??"]
[Round "5"]
[White "Aagaard, Jacob"]
[Black "Aarland, Stein A"]
[Result "1-0"]
[WhiteElo "2240"]
[BlackElo "2225"]
[PlyCount "79"]
[EventDate "1993.??.??"]
[Source "www.chesslib.no"]
[SourceDate "2004.05.04"]

1. d4 d5 2. c4 e6 3. Nc3 Nf6 4. Bg5 Be7 5. Nf3 O-O 6. Rc1 Nbd7 7. e3 c6 8. Qc2 Re8 9. a3 h6 10. Bh4 a6 11. Bd3 dxc4 12. Bxc4 c5 13. O-O b5 14. Ba2 Bb7 15. Rfd1 b4 16. axb4 cxb4 17. Na4 Qa5 18. Nd2 Rac8 19. Nc4 Qh5 20. Bg3 Ne4 21. Bb1 Ndf6 22. Be5 Ng4 23. Nab6 Bh4 24. Rf1 Bxf2+ 25. Rxf2 Ngxf2 26. Nxc8 Rxc8 27. Rf1 Ng4 28. Qe2 Rxc4 29. Qxc4 Nxe3 30. Qc7 Nxf1 31. Qb8+ Kh7 32. Qxb7 Nfg3 33. Bxe4+ Nf5 34. Qxa6 f6 35. h3 fxe5 36. Qxe6 g6 37. Qf7+ Ng7 38. Bd5 Qd1+ 39. Kh2 g5 40. Be4+ 1-0

[Event "Independence Cup"]
[Site "?"]
[Date "2003.08.16"]
[Round "4"]
[White "Dziadyk Pavel"]
[Black "Gorlovetsky Stanislav"]
[Result "0-1"]
[WhiteElo "2261"]
[BlackElo "2189"]
[PlyCount "85"]
[EventDate "2003.??.??"]
[Source "www.chesslib.no"]
[SourceDate "2004.05.04"]

1. d4 d5 2. c4 c6 3. Nf3 Nf6 4. Nc3 e6 5. Bg5 Nbd7 6. e3 Be7 7. Qc2 O-O 8. Rc1 b6 9. cxd5 exd5 10. Be2 Bb7 11. O-O Re8 12. a3 Ne4 13. Bf4 Bd6 14. Bxd6 Nxd6 15. Na2 c5 16. dxc5 bxc5 17. Nc3 Rc8 18. Rfd1 Nb6 19. a4 d4 20. exd4 cxd4 21. Rxd4 Qf6 22. Qd1 Nf5 23. Rd3 Nc4 24. Qc2 Qb6 25. b3 Bxf3 26. bxc4 Nd4 27. Rxd4 Qxd4 28. Bxf3 Rxc4 29. Be2 Rc5 30. Qb3 Rec8 31. Qb7 g6 32. Qxa7 Qe5 33. g3 Rxc3 34. Rxc3 Rxc3 35. Bb5 Rc1+ 36. Kg2 Qd5+ 37. Kh3 Rh1 38. Qb8+ Kg7 39. g4 Rg1 40. Qf4 g5 41. Bc6 Qxc6 42. Qxg5+ Qg6 43. Qe5+ 0-1

[Event "Corr"]
[Site "?"]
[Date "2003.04.02"]
[Round "?"]
[White "Francisco Vincent Paul"]
[Black "Nowak Zdzislaw"]
[Result "0-1"]
[WhiteElo "2033"]
[BlackElo "2417"]
[PlyCount "64"]
[EventDate "2003.??.??"]
[Source "www.chesslib.no"]
[SourceDate "2004.05.04"]

1. d4 d5 2. c4 e6 3. Nc3 Nf6 4. Bg5 Be7 5. e3 O-O 6. Rc1 c6 7. Nf3 Nbd7 8. Qc2 Re8 9. Bd3 h6 10. Bh4 Nb6 11. c5 Nbd7 12. O-O e5 13. dxe5 Ng4 14. Bxe7 Rxe7 15. e6 Nde5 16. Bh7+ Kh8 17. Nxe5 Nxe5 18. exf7 Rxf7 19. Ne2 Bg4 20. Nf4 Qh4 21. h3 Bd7 22. Rfd1 Qg5 23. Bg6 Rf6 24. Bd3 Re8 25. Qa4 Ref8 26. Qxa7 Rxf4 27. exf4 Qxf4 28. Rc2 Bxh3 29. gxh3 Nf3+ 30. Kf1 Qh2 31. Be4 dxe4 32. Qa4 e3 0-1

[Event "Cerrado Lleida"]
[Site "?"]
[Date "1998.01.02"]
[Round "9"]
[White "Monell Camarasa, David"]
[Black "Castany Pampalona, Andreu"]
[Result "1-0"]
[WhiteElo "2275"]
[BlackElo "2165"]
[PlyCount "57"]
[EventDate "1997.??.??"]
[Source "www.chesslib.no"]
[SourceDate "2004.05.04"]

1. d4 Nf6 2. c4 c6 3. Nc3 d5 4. Nf3 e6 5. Bg5 Be7 6. e3 Nbd7 7. Qc2 O-O 8. Rc1 dxc4 9. Bxc4 Nd5 10. Bxe7 Qxe7 11. e4 N5b6 12. Be2 e5 13. O-O exd4 14. Nxd4 Nf6 15. Rfe1 Rd8 16. Rcd1 Bg4 17. e5 Rxd4 18. Rxd4 Qxe5 19. Qd2 Re8 20. Rd8 Bd7 21. Rxe8+ Bxe8 22. Bf3 Qc7 23. Ne4 Nfd5 24. Nc5 Bd7 25. Qe2 g6 26. Nxd7 Qxd7 27. Qe8+ Qxe8 28. Rxe8+ Kg7 29. Rb8 1-0

[Event "Corr"]
[Site "?"]
[Date "1999.??.??"]
[Round "3"]
[White "Aberbach Angel Sergio"]
[Black "Mansilla Raul Oscar"]
[Result "1/2-1/2"]
[WhiteElo "2299"]
[BlackElo "2135"]
[PlyCount "43"]
[EventDate "1999.??.??"]
[Source "www.chesslib.no"]
[SourceDate "2004.05.04"]

1. d4 d5 2. c4 e6 3. Nc3 Nf6 4. Bg5 Be7 5. e3 O-O 6. Nf3 Nbd7 7. Rc1 c6 8. a3 Re8 9. Qc2 a6 10. h3 dxc4 11. Bxc4 h6 12. Bh4 b5 13. Ba2 Bb7 14. O-O c5 15. dxc5 Nxc5 16. Rfd1 Qb6 17. Bb1 Nce4 18. Nxe4 Bxe4 19. Qe2 Bxb1 20. Rxb1 Rac8 21. Rbc1 Qb7 22. Bg3 1/2-1/2

[Event "24th Open"]
[Site "Bad Woerishofen GER"]
[Date "2008.03.01"]
[Round "3"]
[White "Boehle, L."]
[Black "Sydow, H."]
[Result "1/2-1/2"]
[WhiteElo "2276"]
[BlackElo "2145"]
[PlyCount "82"]
[EventDate "2008.02.28"]
[Source "www.chesslib.no"]
[SourceDate "2004.05.04"]

1. d4 d5 2. Nf3 Nf6 3. c4 e6 4. Nc3 Be7 5. Bg5 O-O 6. e3 Nbd7 7. Qc2 c6 8. Rc1 dxc4 9. Bxc4 Nd5 10. Bxe7 Qxe7 11. O-O Nxc3 12. Qxc3 b6 13. e4 Bb7 14. Rfd1 Rac8 15. e5 Rfd8 16. h4 h6 17. b4 Nf8 18. h5 Rd7 19. Be2 Rcd8 20. Qb3 Nh7 21. a3 Rd5 22. Qe3 R5d7 23. Bd3 Ng5 24. Be2 Nh7 25. Bd3 Ng5 26. Nxg5 Qxg5 27. Qxg5 hxg5 28. Be4 Rxd4 29. Rxd4 Rxd4 30. Bxc6 Bxc6 31. Rxc6 Rd3 32. Rc8+ Kh7 33. Rc7 Rxa3 34. Rxf7 Ra4 35. Re7 Rxb4 36. Rxa7 Rb5 37. Rb7 g4 38. Kh2 Kh6 39. Kg3 Kxh5 40. Rxg7 Rxe5 41. Rxg4 b5 1/2-1/2

[Event "Paris FRA"]
[Site "?"]
[Date "2005.07.??"]
[Round "7.10"]
[White "Hauroo Harris"]
[Black "Martsynovskaya Marina"]
[Result "0-1"]
[WhiteElo "2140"]
[BlackElo "2252"]
[PlyCount "78"]
[EventDate "2005.??.??"]
[Source "www.chesslib.no"]
[SourceDate "2004.05.04"]

1. d4 d5 2. Nf3 Nf6 3. c4 e6 4. Bg5 Be7 5. e3 O-O 6. Nc3 Nbd7 7. Rc1 c6 8. Qc2 b6 9. cxd5 exd5 10. Bd3 Bb7 11. O-O c5 12. Rfd1 c4 13. Bf5 a6 14. a4 h6 15. Bh4 Ne8 16. Bxe7 Qxe7 17. Qe2 Ndf6 18. Bb1 Nd6 19. Ne5 b5 20. axb5 axb5 21. Qc2 b4 22. Ng4 g6 23. Nxf6+ Qxf6 24. Ne2 Bc6 25. Qd2 Rab8 26. Ng3 h5 27. Qe2 Ba4 28. Re1 Rfc8 29. Ba2 h4 30. Nf1 Bb5 31. Qg4 Rc7 32. Qf4 Kg7 33. Nd2 Rbc8 34. Nf3 Qxf4 35. exf4 b3 36. Bb1 c3 37. bxc3 Rxc3 38. Rcd1 b2 39. Nd2 Ba4 0-1